MARC

LEADER 00000nam a2200000Ia 4500
001
008 160829s9999 xx 000 0 cat d
100 |a Ansón, Miguel  |9 21597 
245 |a Homenaje a un gran artista / Miguel Ansón 
260 |a San Jorge, núm. 76 (4t trimestre 1969), pàg 65 
650 |a Vives i Sabaté, Ricard   |9 40412 
650 0 |a Homenatges   |9 21383 
901 |a Arxiu 
942 |n 1 
952 |0 0  |1 0  |4 0  |7 1  |9 49679  |a Arxiu  |b Arxiu  |d 2016-12-01  |l 0  |r 2016-12-01 00:00:00  |w 2016-12-01  |y ARXIU 
999 |c 53521  |d 53521